История Земли. Поздние стадии истории Земли: пер. с англ.

Podrobná bibliografie
Hlavní autor: Рид Г.
Další autoři: Уотсон Дж.
Jazyk:ruština
Vydáno: Ленинград, Недра, 1981
Témata:
Médium: Kniha
KOHA link:https://koha.lib.tpu.ru/cgi-bin/koha/opac-detail.pl?biblionumber=373950

MARC

LEADER 00000nam0a2200000 4500
001 373950
005 20231102012618.0
035 |a (RuTPU)RU\TPU\retro\31382 
035 |a RU\TPU\book\305156 
090 |a 373950 
100 |a 20221216d1981 k y0rusy50 ca 
101 1 |a rus  |c eng 
102 |a RU 
105 |a a z 001zy 
200 1 |a История Земли. Поздние стадии истории Земли  |e пер. с англ.  |f Г. Рид, Дж. Уотсон 
210 |a Ленинград  |c Недра  |d 1981 
215 |a 408 с.  |c ил. 
320 |a Библиогр.: с. 385-394. 
320 |a Указатель: с. 395-407. 
606 1 |a Земля  |x Возраст  |2 stltpush  |3 (RuTPU)RU\TPU\subj\11733  |9 38640 
610 1 |a история 
610 1 |a каледониды 
610 1 |a форланды 
610 1 |a герциниды 
610 1 |a уралиды 
610 1 |a Аппалачи 
610 1 |a Гондвана 
610 1 |a Евразия 
610 1 |a океанические бассейны 
675 |a 551.12  |v 3 
700 1 |a Рид  |b Г. 
701 1 |a Уотсон  |b Дж. 
801 1 |a RU  |b 63413507  |c 20150122 
801 2 |a RU  |b 63413507  |c 20221216  |g RCR 
942 |c BK